000 00469nam a2200181Ia 4500
003 GCL
008 140319s9999 xx 000 0 ara d
040 _aGCL /
_cGCL
082 0 4 _aد
_b050
100 1 _aمحمود سلامة
245 1 0 _aقصة العقاقير (اقرا 124 ) /
_cمحمود سلامة
300 _a157
490 _aاقرأ
_v0
650 0 4 _aالعقاقير
650 0 4 _aالكوكايين
650 0 4 _aالمورفين
942 _2ddc
_cBK
999 _c48749
_d48749